| 000 | 01280cam a22003617a 4500 | ||
|---|---|---|---|
| 003 | CHAP | ||
| 005 | 20220329142429.0 | ||
| 008 | 010123d2000 mx r 00110 spa d | ||
| 010 | _a83320 | ||
| 011 | _a84292 | ||
| 035 | _a94811 | ||
| 040 | _cCHAP | ||
| 082 | 0 | 4 |
_a301.35 _bS33 |
| 100 | 0 | 0 |
_aSantoyo, Horacio. _9102572 |
| 245 | 1 | 0 |
_aManual para evaluación de programas de desarrollo rural _c/por Horacio Santoyo, Pablo Ramírez y Murari Suvedi |
| 260 |
_aMorelos, Zac. : _bInstituto Nacional de Capacitación del Sector Agropecuario, A.C., _c2000. |
||
| 300 | _a245 p. | ||
| 590 |
_aBATCH-UPD _b10 _c20130110 _lUCH01 _h0325 |
||
| 590 |
_aBATCH-UPD _b10 _c20130110 _lUCH01 _h1902 |
||
| 590 |
_aBATCH-UPD _b10 _c20130409 _lUCH01 _h2358 |
||
| 590 |
_aBATCH-UPD _b10 _c20130914 _lUCH01 _h1156 |
||
| 590 |
_aCONVERSION _b10 _c20130109 _lUCH01 _h1346 |
||
| 650 | 1 | 4 |
_aDesarrollo rural. _932067 |
| 650 | 1 | 4 |
_aPolítica agrícola. _990283 |
| 650 | 1 | 4 |
_aProyectos _xEvaluación. _992525 |
| 700 | 0 |
_aRamírez, Pablo. _994365 |
|
| 700 | 0 |
_aSuvedi, Murari. _9110818 |
|
| 901 | _aBK | ||
| 905 | _aLilia Sánchez G. | ||
| 942 | _cLIBRO | ||
| 949 |
_a301.35 S33 _bBC _cLIBRO _d33724000941993 _eLIBRO _h99440 _i94811 _si |
||
| 949 |
_a301.35 S33 _bBC _cUACH _d33724000809166 _eUACH _fc.2 _h99441 _i94811 _sb |
||
| 999 |
_c83320 _d83320 |
||